| 000 -ლიდერი |
| ფიქსირებული სიგრძის საკონტროლო ველი |
01118nam a2200241Ia 4500 |
| 001 - საკონტროლო ნომერი |
| საკონტროლო ველი |
19549 |
| 003 - საკონტროლო ნომრის იდენტიფიკატორი |
| საკონტროლო ველი |
GE_BSU |
| 005 - ბოლო ოპერაციის თარიღი და დრო |
| საკონტროლო ველი |
20200302214726.0 |
| 008 - ფიქსირებული სიგრძის მონაცემთა ელემენტები - ზოგადი ინფორმაცია |
| ფიქსირებული სიგრძის საკონტროლო ველი |
181216s1963||||ge |||||||||||||| ||geo|| |
| 040 ## - კატალოგიზაციის წყარო |
| Transcribing agency |
GE_BSU |
| 041 ## - ენის კოდი |
| Language code of text/sound track or separate title |
geo |
| 080 ## - უნივერსალური ათობითი კლასიფიკაციის ინდექსი |
| Universal Decimal Classification number |
811.353.1 ჟ-99 |
| 100 ## - მთავარი ჩანაწერი - პიროვნების სახელი |
| Personal name |
ჟღენტი , სერგი |
| 9 (RLIN) |
7678 |
| 245 ## - ცნობა სათაურის შესახებ |
| Title |
ქართული ენის რიტმიკულ - მელოდიკური სტრუქტურა = Ритмико - мелодическая структура грузинского языка / |
| Statement of responsibility, etc |
სერგი ჟღენტი ; რედ. გ. ახვლედიანი. |
| 264 ## - წარმოების, გამოცემის, დისტრიბუციის და სხვა ცნობები |
| გამოცემის, წარმოების, დისტრიბუციის... ადგილი |
თბილისი : |
| გამოცემის, წარმოების, დისტრიბუციის... სახელწოდება |
ცოდნა, |
| გამოცემის, წარმოების, დისტრიბუციის... თარიღი |
1963. |
| 300 ## - ფიზიკური აღწერა |
| Extent |
193 გვ. : |
| Other physical details |
ნახ. ; |
| Dimensions |
20 სმ. |
| 520 ## - SUMMARY, ETC. |
| Summary, etc |
რეზიუმე რუსულ და ინგლისურ ენებზე |
| 653 ## - INDEX TERM--UNCONTROLLED |
| Uncontrolled term |
ქართული ენა |
| 653 ## - INDEX TERM--UNCONTROLLED |
| Uncontrolled term |
მელოდიკური სტრუქტურა |
| 700 ## - ADDED ENTRY--PERSONAL NAME |
| Personal name |
ახვლედიანი, გ. |
| Relator term |
რედაქტორი |
| 9 (RLIN) |
2910 |
| 942 ## - ADDED ENTRY ELEMENTS (KOHA) |
| Koha item type |
წიგნი |
| Source of classification or shelving scheme |
|